[Event "Cannes Martinez"]
[Site "Cannes"]
[Date "1995.??.??"]
[Round "7"]
[White "Bacrot, Etienne"]
[Black "Prie, Eric"]
[Result "0-1"]
[WhiteElo "2300"]
[BlackElo "2480"]

1.d4 Nf6 2.Nf3 a6 3.c4 c5 4.Nc3 cxd4 5.Nxd4 e6 6.e4 Bb4 7.Bd2 Qb6 8.Nc2 Bxc3
9.Bxc3 Nxe4 10.Bd4 Qa5+ 11.b4 Qg5 12.h4 Qh6 13.Bd3 f5 14.Bxe4 fxe4 15.Qg4 O-O
16.Qxe4 Rf4 17.Qe3 Nc6 18.g3 Rg4 19.Qc3 Nxd4 20.Nxd4 Re4+ 21.Kf1 b5 22.cxb5 axb5
23.Kg1 Bb7 24.Rh2 Rc8 25.Qb2 Qf6 26.Rd1 Rxd4 27.Rxd4 Qxd4  0-1

[Event "Cannes Masters"]
[Site "Cannes"]
[Date "1995.??.??"]
[Round "8"]
[White "Boudenne, Jean"]
[Black "Bacrot, Etienne"]
[Result "1/2-1/2"]
[WhiteElo "2240"]
[BlackElo "2300"]

1.e4 c5 2.Nc3 Nc6 3.g3 g6 4.Bg2 Bg7 5.f4 e6 6.Nf3 Nge7 7.d3 b6 8.O-O O-O
9.Be3 d5 10.Bf2 dxe4 11.dxe4 Bxc3 12.bxc3 Ba6 13.Re1 Qxd1 14.Raxd1 Rad8 15.Be3 Rxd1
16.Rxd1 Rd8 17.Rxd8+ Nxd8 18.Kf2 Bb7 19.Nd2 f5 20.exf5 Bxg2 21.Kxg2 Nd5 22.Kf3 exf5
23.Nb1 Nf7 24.c4 Nb4 25.c3 Nc6 26.Nd2 Nd6 27.Ke2 Na5 28.Kd3 Kg7 29.h3 Kf6
30.Bf2 a6 31.a4 h6 32.h4 h5 33.Be3 Ke6 34.Bf2 Ke7 35.Be1 Ke6 36.Bf2 Ne4 37.Be1 Nxd2
38.Bxd2 Kd6 39.Be3 Kc6 40.Bf2 Nb7 41.Kc2 Nd6 42.Kb3 b5 43.cxb5+ axb5 44.axb5+ Kxb5
45.Be1 c4+ 46.Kc2 Ka4 47.Kb2 Nb5 48.Bf2 Ka5 49.Kc2 Ka6 50.Be1 Kb7 51.Kd2 Kb6
52.Kd1 Kc5 53.Kc2 Kd5 54.Kd2 Na3 55.Bf2 Nb5 56.Be1 Kc6 57.Kc2 Nd6 58.Bf2 Kb5
59.Kb1 Ka4 60.Ka2 Ne4 61.Be1 Ka5 62.Kb1 Kb5 63.Kb2 Nc5 64.Bd2 Ka4 65.Ka2 Nd3
66.Be3 Kb5 67.Kb1 Kc6 68.Kc2 Kd5 69.Kd1 Nc5 70.Bxc5 Kxc5 71.Kc2 Kd5 72.Kd2 Kc6
73.Kc1 Kb5 74.Kb2  1/2-1/2

[Event "Cannes Masters"]
[Site "Cannes"]
[Date "1995.??.??"]
[Round "9"]
[White "Bacrot, Etienne"]
[Black "Kalantarian, Norik"]
[Result "1/2-1/2"]
[WhiteElo "2300"]
[BlackElo "2460"]

1.d4 Nf6 2.Nf3 e6 3.c4 c5 4.d5 exd5 5.cxd5 d6 6.Nc3 g6 7.e4 Bg7 8.h3 O-O
9.Bd3 a6 10.a4 Nbd7 11.O-O Rb8 12.Re1 Re8 13.Bf4 Qc7 14.Nd2 Nh5 15.Bh2 Be5
16.g3 Ndf6 17.Bf1 Ng7 18.Qc2 g5 19.f4 Bd4+ 20.Kh1 g4 21.h4 Nfh5 22.Kg2  1/2-1/2

[Event "Cannes Martinez"]
[Site "Cannes"]
[Date "1995.??.??"]
[Round "9"]
[White "Bacrot, Etienne"]
[Black "Koch, Jean Rene"]
[Result "1-0"]
[WhiteElo "2300"]
[BlackElo "2495"]

1.d4 Nf6 2.c4 c5 3.d5 b5 4.cxb5 a6 5.b6 a5 6.Nc3 Ba6 7.b7 Ra7 8.Bg5 Rxb7
9.Bxf6 exf6 10.Rb1 f5 11.e3 Bxf1 12.Kxf1 g6 13.Nge2 Bg7 14.g3 O-O 15.Kg2 Qb6
16.h4 c4 17.h5 Na6 18.hxg6 hxg6 19.Rh4 Rc8 20.Qh1 Qf6 21.Qh2 d6 22.Nd4 Nc5
23.Nc6 Ne4 24.Rh1 Ng5 25.Rxc4 Re8 26.b3 Ne4 27.Qh7+ Kf8 28.Na4 Rb5 29.Rd1 g5
30.Nd4 Rxd5 31.Nb6 Qe7 32.Nxd5 Qb7 33.Nc6 Nc5 34.Nxa5 Qa8 35.Rxc5 dxc5 36.Nc4 Qxa2
37.Qxf5 Qxb3 38.Nd6 f6 39.Rd3 Qc2 40.Nxe8  1-0

[Event "Cannes Masters"]
[Site "Cannes"]
[Date "1995.??.??"]
[Round "10"]
[White "Rosandic, Denis"]
[Black "Bacrot, Etienne"]
[Result "0-1"]
[WhiteElo "2385"]
[BlackElo "2300"]

1.d4 Nf6 2.Nf3 e6 3.Bg5 Be7 4.Nbd2 d5 5.e3 b6 6.c3 Bb7 7.Bd3 Nbd7 8.Qa4 O-O
9.Ne5 h6 10.Bxf6 Nxf6 11.O-O Bd6 12.f4 c5 13.Qd1 cxd4 14.exd4 Ne4 15.Qe2 f5
16.a4 Bxe5 17.fxe5 a5 18.Bb5 Kh7 19.Rad1 Qe7 20.c4 Nxd2 21.Qxd2 Rfd8 22.Qe3 Qb4
23.b3 Rac8 24.h3 dxc4 25.bxc4 Rxc4 26.Bxc4 Qxc4 27.d5 Rxd5 28.Rxd5 Qxd5 29.Rf2 Qd1+
30.Kh2 Qxa4 31.Qxb6 Bd5 32.Qe3 Qc6 33.Qd3 a4 34.Rc2 Qb6 35.Qc3 Qb3 36.Qc7 f4
37.Rf2 Qg3+ 38.Kg1 a3 39.Qc2+ Qg6 40.Qxg6+ Kxg6 41.Rxf4 a2 42.Ra4 Kf5 43.Kf2 Kxe5
44.g3 Bb3  0-1

[Event "Cannes Martinez"]
[Site "Cannes"]
[Date "1995.??.??"]
[Round "10"]
[White "Chabanon, Jean Luc"]
[Black "Bacrot, Etienne"]
[Result "1-0"]
[WhiteElo "2445"]
[BlackElo "2300"]

1.c4 e6 2.d4 Nf6 3.Nc3 Bb4 4.Qc2 O-O 5.a3 Bxc3+ 6.Qxc3 b6 7.Bg5 Bb7 8.e3 c5
9.dxc5 bxc5 10.Ne2 h6 11.Bxf6 Qxf6 12.Qxf6 gxf6 13.O-O-O Rd8 14.Nc3 f5 15.Rg1 Kf8
16.Be2 Nc6 17.g4 fxg4 18.Rxg4 Ne5 19.Rh4 Ba6 20.b3 Rab8 21.Kc2 Ke7 22.f4 Ng6
23.Rh5 d6 24.f5 Ne5 25.Rxh6 Rh8 26.f6+ Kd7 27.Rxh8 Rxh8 28.Ne4 Rxh2 29.Rxd6+ Kc7
30.Rd2 Nd7 31.b4 cxb4 32.axb4 Bb7 33.Nd6 Nxf6 34.Nxb7 Ne4 35.Nc5 Nxd2 36.Kxd2 Rh8
37.Na6+ Kb7 38.b5 Rh2 39.c5 e5 40.e4 Rh4 41.Bc4 f5 42.Bd5+ Kc8 43.Be6+  1-0

[Event "Cannes Masters"]
[Site "Cannes"]
[Date "1995.??.??"]
[Round "11"]
[White "Bacrot, Etienne"]
[Black "Mestrovic, Zvonimir"]
[Result "1/2-1/2"]
[WhiteElo "2300"]
[BlackElo "2415"]

1.d4 Nc6 2.Nf3 d6 3.c4 e5 4.Nc3 Bg4 5.d5 Nce7 6.e4 Ng6 7.g3 Qc8 8.Be2 Be7
9.h4 Nf6 10.Qc2 O-O  1/2-1/2

[Event "Cannes Martinez"]
[Site "Cannes"]
[Date "1995.??.??"]
[Round "11"]
[White "Bacrot, Etienne"]
[Black "Bezold, Michael"]
[Result "1/2-1/2"]
[WhiteElo "2300"]
[BlackElo "2495"]

1.d4 d6 2.Nf3 Bg4 3.c4 Nd7 4.Nc3 e5 5.g3 Bxf3 6.exf3 Ngf6 7.Bg2 Be7 8.dxe5 dxe5
9.f4 c6 10.O-O O-O 11.Re1 exf4 12.Bxf4 Re8 13.Qc2 Nf8 14.Rad1 Qa5 15.Bd2 Qc7
16.Bf4 Qa5 17.Bd2 Qh5 18.Ne2 Ng6 19.h3 Rad8  1/2-1/2

[Event "Enghien les Bains"]
[Site "Enghien les Bains"]
[Date "1995.??.??"]
[Round "2"]
[White "Viot, Alain"]
[Black "Bacrot, Etienne"]
[Result "0-1"]
[WhiteElo "2150"]
[BlackElo "2395"]

1.d4 d5 2.Nf3 c6 3.e3 Nf6 4.c4 e6 5.Bd3 dxc4 6.Bxc4 c5 7.O-O a6 8.Bb3 b5
9.Qe2 cxd4 10.Rd1 Bb7 11.Nxd4 Nbd7 12.a3 Bc5 13.Nc3 O-O 14.e4 Qb6 15.Be3 Ne5
16.f3 Rfd8 17.Nc2 Nfd7 18.Rac1 Bxe3+ 19.Qxe3 Qxe3+ 20.Nxe3 Nc5 21.Rxd8+ Rxd8
22.Rd1 Rxd1+ 23.Bxd1 g5 24.h3 h5 25.b4 Ncd3 26.Be2 h4 27.Nc2 Nb2 28.Kf2 f5
29.exf5 exf5 30.Nd4 Bc8 31.Nd5 Kf7 32.f4 gxf4 33.Nxf4 Nbc4 34.Bxc4+ Nxc4
35.Nd3 Nxa3 36.g3 hxg3+ 37.Kxg3 Nc4 38.Kf4 Kf6 39.Nc5 Nb6 40.Kf3 Nd5 41.Nc6 Nc7
42.h4 Be6 43.Nb8 Ke5 44.Nbxa6 Bd5+ 45.Kf2 Ne8 46.Nd3+ Kd4 47.Nf4 Bf7 48.Nc5 Kc3
49.Ncd3 Nf6 50.Ne5 Be8 51.Ne2+ Kxb4 52.Nd4 Ng4+ 53.Nxg4 fxg4 54.Kg3 Bh5 55.Ne6 Kc4
56.Nf4 b4 57.Nxh5 b3 58.Kxg4 b2 59.Nf6 b1=Q 60.Kg5 Kd4 61.h5 Ke5  0-1

[Event "Enghien les Bains"]
[Site "Enghien les Bains"]
[Date "1995.??.??"]
[Round "3"]
[White "Bacrot, Etienne"]
[Black "Benitah, Yohan"]
[Result "0-1"]
[WhiteElo "2395"]
[BlackElo "2320"]

1.d4 Nf6 2.c4 c5 3.d5 b5 4.cxb5 a6 5.Nc3 Qa5 6.bxa6 Bxa6 7.Bd2 Qb6 8.e4 Bxf1
9.Kxf1 d6 10.f4 g6 11.Qe2 Bg7 12.Rb1 O-O 13.e5 dxe5 14.fxe5 Nfd7 15.Nf3 Na6
16.Bf4 e6 17.d6 Nb4 18.a3 Nc6 19.Qe4 f6 20.exf6 Rxf6 21.Bg5 Rf7 22.Kf2 Raf8
23.Rhf1 Bd4+ 24.Ke2 Nde5 25.Be7 Rf4 26.Qc2 Qa6+ 27.Kd2 Nxf3+ 28.gxf3 Rxf3
29.Rxf3 Rxf3 30.Ne2 Be3+ 31.Ke1 Nd4 32.Qd1 Rf2 33.Ng3 Rg2 34.Qe2 Rxe2+ 35.Kf1  0-1

[Event "Enghien les Bains"]
[Site "Enghien les Bains"]
[Date "1995.??.??"]
[Round "4"]
[White "Fontaine, Robert"]
[Black "Bacrot, Etienne"]
[Result "1/2-1/2"]
[WhiteElo "2285"]
[BlackElo "2395"]

1.e4 c5 2.Nf3 Nc6 3.d4 cxd4 4.Nxd4 Nf6 5.Nc3 d6 6.h3 g6 7.Be3 Bg7 8.g4 d5
9.Bb5 Bd7 10.exd5 Nb4 11.Bc4 Rc8 12.Bb3 Rxc3 13.bxc3 Nbxd5 14.Qd3 Nxe3 15.Qxe3 O-O
16.O-O Qc7 17.Rad1 e6 18.Nf3 b6 19.Ne5 Bc8 20.f4 Bb7 21.g5 Ne4 22.Rd7 Qc8
23.Rfd1 Nc5 24.Nxf7 Qc6 25.Rxb7 Qxb7 26.Nd8 Qe7 27.Nc6 Qc7 28.Nd4 Nxb3 29.axb3 Re8
30.Nb5 Qe7 31.Ra1 a5 32.Rd1 e5 33.fxe5 Bxe5 34.Qf3 Qc5+ 35.Nd4 Bxd4+ 36.cxd4 Qxg5+
37.Kh1 Rf8 38.Qc6 Qh5 39.Qe6+ Kg7 40.Qe5+ Qxe5 41.dxe5 Re8 42.Rd5 Kh6 43.Kg2 Kg5
44.Kf3 Kf5 45.Rd6 Re6 46.Rd7 h5 47.Rb7 Kxe5 48.Ke3 Kf5+ 49.Kf3 Rc6 50.c4 Kg5
51.Rd7 Kh4 52.Kg2 g5 53.Rd4+ g4 54.hxg4 hxg4 55.Rd8 Re6 56.Rh8+ Kg5 57.Rg8+ Kf4
58.Rf8+ Ke5 59.Kg3 Kd6 60.Kxg4 Re3 61.Rf6+ Kc7 62.Rf3 Re4+ 63.Rf4 Re6 64.Kf3 Kc6
65.Rf5 Rh6 66.Ke4 Rh3 67.Rf6+  1/2-1/2

[Event "Enghien les Bains"]
[Site "Enghien les Bains"]
[Date "1995.??.??"]
[Round "6"]
[White "Bacrot, Etienne"]
[Black "Borulia, Ekaterina"]
[Result "1/2-1/2"]
[WhiteElo "2395"]
[BlackElo "2370"]

1.c4 c5 2.Nf3 g6 3.d4 cxd4 4.Nxd4 Bg7 5.e4 Nf6 6.Nc3 d6 7.Be2 O-O 8.O-O a6
9.Be3 b6 10.f3 Bb7 11.Qd2 Re8 12.Rfd1 Nbd7 13.Bf1 Rc8 14.Rac1 Qc7 15.Nc2 Qb8
16.Nb4 e6 17.Bh6 Bxh6 18.Qxh6 Ne5 19.b3 b5 20.Qh4 bxc4 21.Qxf6 Qa7+ 22.Kh1 Qc5
23.a3 cxb3 24.Nd3 Qxa3 25.Nxe5 dxe5 26.Rd7 Rf8 27.Rcd1 Bc6 28.Rxf7 Rxf7 29.Qxe6 Qf8
30.Bxa6 Rc7 31.Qxe5 Bb7 32.Nd5 Rc2 33.Bxb7 b2 34.Nf6+ Rxf6 35.Bd5+ Kg7 36.Bb3 Rc1
37.Qxb2 Rxd1+ 38.Bxd1 Qd6 39.Be2 Qc5 40.h3 Qe3 41.Bc4 h5 42.Bd5 h4 43.Qe5 Qc1+
44.Kh2 Qf4+ 45.Qxf4 Rxf4 46.e5 Rf5 47.f4 Rxf4 48.e6 Kf6  1/2-1/2

[Event "Enghien les Bains"]
[Site "Enghien les Bains"]
[Date "1995.??.??"]
[Round "8"]
[White "Bacrot, Etienne"]
[Black "Srokowski, Jaroslav"]
[Result "1/2-1/2"]
[WhiteElo "2395"]
[BlackElo "2435"]

1.d4 g6 2.c4 Bg7 3.Nf3 c5 4.d5 f5 5.Nc3 Bxc3+ 6.bxc3 Qa5 7.Qc2 d6 8.Bf4 Nf6
9.e3 Nbd7 10.Be2 Nb6 11.O-O Bd7 12.Nd2 O-O-O 13.a4 Ne4 14.Nxe4 fxe4 15.Qxe4 Rde8
16.Ra3 a6 17.Rfa1 Kc7 18.Qc2 Rhf8 19.Bg3 e5 20.dxe6 Bxe6 21.Qb3 Bd7 22.R3a2 Rf6
23.Bf3 Rxf3 24.gxf3 Be6 25.Rb2 Bxc4 26.Qd1 Nc8 27.Rab1 b5 28.axb5 axb5 29.Rd2 Re6
30.Qc1 Nb6 31.Qd1 Nc8 32.Qc1 Nb6 33.Qd1  1/2-1/2

[Event "Enghien les Bains"]
[Site "Enghien les Bains"]
[Date "1995.??.??"]
[Round "9"]
[White "Carbonnel, Pierre"]
[Black "Bacrot, Etienne"]
[Result "0-1"]
[WhiteElo "2230"]
[BlackElo "2395"]

1.Nf3 Nf6 2.g3 d5 3.Bg2 c6 4.O-O Bg4 5.Ne5 Bf5 6.c4 e6 7.d4 Be7 8.cxd5 exd5
9.Nc3 O-O 10.a3 Nbd7 11.Bf4 a5 12.Rc1 Re8 13.f3 Nxe5 14.Bxe5 Qb6 15.Qd2 Nd7
16.Bf4 Bf6 17.Rfd1 Ne5 18.Na4 Qa7 19.b3 Nd7 20.Be3 Nb6 21.Nb2 Qa6 22.a4 Nc8
23.Bf1 Qb6 24.Rc3 Nd6 25.Bf2 Bg6 26.e3 Re7 27.Nd3 Rae8 28.Nf4 Bg5 29.Ng2 h5
30.h3 Qb4 31.g4 hxg4 32.hxg4 f6 33.Bg3 Nc8 34.f4 Bh6 35.f5 Bf7 36.Nf4 Nd6
37.Bg2 Kh7 38.Kf2 Ne4+ 39.Bxe4 Rxe4 40.Rd3 Qxd2+ 41.R1xd2 g5 42.Nh5 Bxh5
43.gxh5 g4 44.Re2 Rg8 45.Bh4 Bg5 46.Bg3 Kg7 47.Re1 Rh8 48.Rh1 Kh6 49.Bc7 Rhe8
50.Re1 Bh4+  0-1

[Event "FRA-chT"]
[Site "FRA"]
[Date "1995.??.??"]
[Round "?"]
[White "Sarthou, Gaetan"]
[Black "Bacrot, Etienne"]
[Result "1-0"]
[WhiteElo "2280"]
[BlackElo "2300"]

1.e4 c5 2.Nf3 d6 3.d4 cxd4 4.Nxd4 Nf6 5.Nc3 Nc6 6.Bg5 e6 7.Qd2 a6 8.O-O-O h6
9.Be3 Qc7 10.f3 Rb8 11.Kb1 b5 12.Bd3 b4 13.Nxc6 Qxc6 14.Ne2 e5 15.f4 Be7
16.fxe5 dxe5 17.Ng3 Be6 18.Rhf1 O-O 19.Bxh6 gxh6 20.Qxh6 Ng4 21.Qh5 Ne3 22.Nf5 Bxf5
23.exf5 e4 24.Rf3 Bf6 25.Rg3+ Bg7 26.Rxg7+ Kxg7 27.Qg5+ Kh7 28.f6 Nf5 29.Qxf5+ Kh6
30.Qf4+ Kh5 31.Bxe4  1-0

[Event "Blindfold sim"]
[Site "Paris"]
[Date "1995.??.??"]
[Round "1"]
[White "Karpov, Anatoly"]
[Black "Bacrot, Etienne"]
[Result "0-1"]
[WhiteElo "2765"]
[BlackElo "2300"]

1.c4 e5 2.Nc3 Nf6 3.Nf3 Nc6 4.g3 d5 5.cxd5 Nxd5 6.Bg2 Nb6 7.O-O Be7 8.a3 O-O
9.b4 Re8 10.d3 Bf8 11.Be3 a5 12.bxa5 Rxa5 13.Bxb6 cxb6 14.a4 Bb4 15.Nb5 Na7
16.Qb3 Bc5 17.Nxa7 Rxa7 18.e3 Bg4 19.h3 Bxf3 20.Bxf3 Qd7 21.Kg2 Rea8 22.Bd5 b5
23.Rfc1 Bd6 24.a5 Rxa5 25.Rxa5 Rxa5 26.Qc3 Ra8 27.d4 Ba3 28.e4 Bxc1 29.Qxc1 exd4
30.Qc5 d3 31.Qc3 Kh8 32.Qxd3 f5 33.Qf3 Rd8 34.h4 b4 35.h5 b5 36.Qb3 Qd6 37.Qb2 fxe4
38.Bxe4 Qd4 39.Qb1 Rf8 40.f4 b3 41.Bxh7 b2  0-1

[Event "Wch U12 Disney"]
[Site "Paris"]
[Date "1995.??.??"]
[Round "9"]
[White "Ganguly, Surya Shekhar"]
[Black "Bacrot, Etienne"]
[Result "1/2-1/2"]
[WhiteElo "2195"]
[BlackElo "2300"]

1.e4 c5 2.Nf3 d6 3.d4 cxd4 4.Nxd4 Nf6 5.Nc3 Nc6 6.Be3 e5 7.Nf3 Be7 8.Bc4 O-O
9.Qe2 Na5 10.Bb3 h6 11.Rd1 Bd7 12.O-O Nxb3 13.axb3 Qc7 14.Nd2 Bc6 15.f3 d5
16.exd5 Nxd5 17.Nxd5 Bxd5 18.Ne4 Be6 19.Rd3 f6 20.Rfd1 Rfd8 21.c4 Rxd3 22.Rxd3 Rd8
23.Nc3 Rxd3 24.Qxd3 Qd7 25.Qxd7 Bxd7 26.Nd5 Bd8 27.c5 Be6  1/2-1/2

[Event "Albert m"]
[Site "Albert"]
[Date "1996.??.??"]
[Round "2"]
[White "Bacrot, Etienne"]
[Black "Smyslov, Vassily"]
[Result "1-0"]
[WhiteElo "2470"]
[BlackElo "2510"]

1.d4 Nf6 2.c4 e6 3.Nc3 Bb4 4.Qc2 d5 5.cxd5 exd5 6.Bg5 h6 7.Bh4 g5 8.Bg3 Ne4
9.e3 h5 10.f3 Bxc3+ 11.bxc3 Nxg3 12.hxg3 Nd7 13.Kf2 Nf6 14.Rb1 b6 15.c4 c6
16.cxd5 cxd5 17.Bb5+ Kf8 18.Ne2 Kg7 19.Rb3 Be6 20.Ba6 Qd6 21.Rc3 Rae8 22.Qc1 Bd7
23.e4 dxe4 24.Qxg5+ Kf8 25.Re3 exf3 26.Rxe8+ Kxe8 27.gxf3 Rg8 28.Qe5+ Qxe5
29.dxe5 Nd5 30.Bc4 Be6 31.Nd4 Rh8 32.Nxe6 fxe6 33.Bxd5 exd5 34.f4 Kf7 35.f5 d4
36.Rc1 Kg7 37.Rc7+ Kh6 38.Rf7 Kg5 39.e6 h4 40.e7  1-0

[Event "Albert m"]
[Site "Albert"]
[Date "1996.??.??"]
[Round "4"]
[White "Bacrot, Etienne"]
[Black "Smyslov, Vassily"]
[Result "1/2-1/2"]
[WhiteElo "2470"]
[BlackElo "2510"]

1.d4 e6 2.c4 Bb4+ 3.Bd2 Qe7 4.Nf3 Bxd2+ 5.Qxd2 d6 6.Nc3 Nf6 7.g3 O-O 8.Bg2 c5
9.O-O b6 10.dxc5 dxc5 11.Rad1 Bb7 12.Qd6 Nc6 13.Qxe7 Nxe7 14.Rd2 Rfd8 15.Rfd1 Rxd2
16.Rxd2 Ng6 17.b3 Kf8 18.Ng5  1/2-1/2

[Event "Albert m"]
[Site "Albert"]
[Date "1996.??.??"]
[Round "5"]
[White "Smyslov, Vassily"]
[Black "Bacrot, Etienne"]
[Result "0-1"]
[WhiteElo "2510"]
[BlackElo "2470"]

1.e4 c5 2.Nc3 Nc6 3.d3 g6 4.Be3 Nd4 5.Nce2 Bg7 6.c3 Nxe2 7.Nxe2 b6 8.g3 Bb7
9.Bg2 Nf6 10.O-O O-O 11.h3 Qc7 12.c4 e6 13.f4 Ne8 14.Nc3 Rd8 15.Bf2 d5 16.cxd5 exd5
17.e5 d4 18.Ne4 Kh8 19.Re1 Bc6 20.b4 cxb4 21.Rc1 Qb7 22.Qb3 a5 23.Qc4 Bd5
24.Qxd4 f5 25.Qxb6 Qa8 26.Rc5 fxe4 27.Rxa5 Qc8 28.dxe4 Be6 29.Rc5 Qd7 30.Qxb4 Bxa2
31.Ra5 Bg8 32.Ra7 Qc8 33.Qc5 Rf7 34.Qxc8 Rxc8 35.Rxf7 Bxf7 36.Bd4 Rd8 37.Ba1 Nc7
38.f5 Ra8 39.g4 Kg8 40.Bf1 Ra5 41.Rc1 Ne8 42.f6 Bh6 43.Rb1 Bf4 44.Bc3 Ra3
45.Ba1 Ra4 46.Bd3 Ra5 47.Bb5 Nc7 48.Bc6 Bxe5 49.Rb8+ Ne8 50.Bxe5 Rxe5 51.h4 h6
52.Kg2 Kf8 53.Rc8 g5 54.hxg5 hxg5 55.Kg3 Bg6 56.Bd5 Bf7 57.Bc6 Kg8 58.Kf3 Kh7
59.Bxe8 Bxe8 60.Rd8 Kg6 61.Rd6 Bf7 62.Ke3 Be6  0-1

[Event "Amsterdam m2"]
[Site "Amsterdam"]
[Date "1996.??.??"]
[Round "2"]
[White "Bacrot, Etienne"]
[Black "Sosonko, Gennadi"]
[Result "1/2-1/2"]
[WhiteElo "2470"]
[BlackElo "2520"]

1.e4 c5 2.Nf3 d6 3.d4 cxd4 4.Nxd4 Nf6 5.Nc3 Nc6 6.Bg5 Bd7 7.Bxf6 gxf6 8.Qd2 Nxd4
9.Qxd4 Qa5 10.O-O-O Rc8 11.Kb1 Qc5 12.Qd2 f5 13.exf5 Bxf5 14.Bb5+ Kd8 15.Qe2 Be6
16.Ne4 Qf5 17.Bd3 Qa5 18.c4 Bg7 19.f4 Qb4 20.Ng5 Bg4 21.Qd2 Qxd2 22.Rxd2 Kc7
23.Re1 Rce8 24.h3 Bd7 25.Rde2 Bf6 26.Nxf7 Rhg8 27.Ng5 h6 28.Ne6+ Bxe6 29.Rxe6 Bh4
30.R1e2 h5 31.Bg6 Ref8 32.f5 Rh8 33.g4 hxg4 34.hxg4 Kd7 35.Bh5 Bf6 36.Kc2 Rc8
37.Kd3 Rc5 38.b4 Rc6 39.R6e3 Ra6 40.Rc2 Ra4 41.b5 a6 42.bxa6 Rxa6 43.Ke4  1/2-1/2

[Event "Balatonbereny"]
[Site "Balatonbereny"]
[Date "1996.??.??"]
[Round "4"]
[White "Bacrot, Etienne"]
[Black "Horvath, Jozsef"]
[Result "0-1"]
[WhiteElo "2425"]
[BlackElo "2505"]

1.d4 Nf6 2.c4 g6 3.Nf3 Bg7 4.Nc3 d5 5.cxd5 Nxd5 6.e4 Nxc3 7.bxc3 c5 8.Rb1 O-O
9.Be2 b6 10.O-O Bb7 11.Qd3 e6 12.Bg5 Qc7 13.Qe3 Rc8 14.Rfd1 cxd4 15.cxd4 Nd7
16.Bb5 Nf6 17.Rbc1 Qb8 18.Rxc8+ Qxc8 19.Rc1 Qb8 20.Bf4 Qf8 21.Rc7 Bxe4 22.Ng5 Qb4
23.Bf1 Bf5 24.Rxf7 h6 25.Qf3 hxg5 26.Qb7 gxf4 27.Rxg7+ Kh8 28.Re7 Rd8 29.Qxa7 Qxd4
30.h3 g5 31.Rf7 Bg6  0-1

[Event "Balatonbereny"]
[Site "Balatonbereny"]
[Date "1996.??.??"]
[Round "6"]
[White "Bacrot, Etienne"]
[Black "Nisipeanu, Liviu Dieter"]
[Result "0-1"]
[WhiteElo "2425"]
[BlackElo "2515"]

1.d4 Nf6 2.c4 c5 3.d5 b5 4.cxb5 a6 5.Nc3 axb5 6.e4 b4 7.Nb5 d6 8.Nf3 g6 9.Bc4 Bg7
10.O-O O-O 11.Re1 Nbd7 12.a4 bxa3 13.Rxa3 Rxa3 14.Nxa3 Ng4 15.Bf1 Nde5 16.Nd2 Nxf2
17.Kxf2 Ng4+ 18.Ke2 e6 19.Qb3 exd5 20.h3 dxe4 21.Nxe4 Re8 22.Kd2 Qa5+ 23.Kc2 Qxe1  0-1

[Event "Balatonbereny"]
[Site "Balatonbereny"]
[Date "1996.??.??"]
[Round "8"]
[White "Bacrot, Etienne"]
[Black "Dao Thien Hai"]
[Result "0-1"]
[WhiteElo "2420"]
[BlackElo "2560"]

1.d4 d5 2.c4 e6 3.Nf3 c6 4.Qc2 Nd7 5.g3 Bd6 6.Bg2 Ne7 7.O-O O-O 8.e4 dxc4
9.Qxc4 e5 10.Qe2 exd4 11.Nxd4 Ne5 12.Rd1 Qc7 13.h3 Bc5 14.Nc3 b5 15.Be3 Qb6
16.a4 Nc4 17.a5 Qa6 18.Ne6 Bxe6 19.Bxc5 Rfe8 20.f4 b4 21.Bxb4 Qb7 22.Bxe7 Qxe7
23.f5 Qc5+ 24.Qf2 Qxf2+ 25.Kxf2 Bc8 26.b3 Ne5 27.b4 Rb8 28.Rab1 Kf8 29.Na4 Ba6
30.Nc5 Bb5 31.Rd4 Red8 32.Rbd1 Rxd4 33.Rxd4 Ke7 34.Bf1 Bc4 35.Rxc4 Nxc4 36.Bxc4 Rxb4
37.Bd3 Kd6 38.Na6 Ra4 39.Ke3 f6 40.g4 c5 41.Nb8 Rxa5 42.e5+ fxe5 43.g5 Ra3
44.Kd2 Ra4  0-1

[Event "Cannes Martinez op"]
[Site "Cannes"]
[Date "1996.??.??"]
[Round "1"]
[White "Bacrot, Etienne"]
[Black "Etchegaray, Malina"]
[Result "1-0"]
[WhiteElo "2470"]
[BlackElo "2160"]

1.Nf3 Nf6 2.d4 g6 3.c4 Bg7 4.g3 O-O 5.Bg2 d6 6.O-O Nbd7 7.Qc2 e5 8.Rd1 Qe7
9.Nc3 c6 10.b3 Re8 11.e4 exd4 12.Nxd4 Nc5 13.f3 a5 14.Be3 d5 15.cxd5 cxd5
16.Bg5 Qd6 17.Bxf6 Qxf6 18.Ndb5 Qb6 19.Kh1 d4 20.Nxd4 Bxd4 21.Nd5 Qa7 22.Rxd4 Nxb3
23.Nf6+ Kf8 24.Rdd1 Nxa1 25.Qd2 Be6 26.Qh6+ Ke7 27.Nxh7 Rh8 28.Qh4+ g5 29.Qxg5+ Ke8
30.Nf6+ Kf8 31.Rxa1 Qd4 32.Rc1 Rc8 33.Rxc8+ Bxc8 34.h4 Be6 35.a3 b6 36.Kh2 Qc5
37.e5 Qc2 38.Ne4 Qc7 39.f4 Qe7 40.Nf6 Qxa3 41.f5 Bc4 42.Nh7+ Rxh7 43.Qd8+ Kg7
44.f6+ Kg6 45.Be4+  1-0

[Event "Cannes mT"]
[Site "Cannes"]
[Date "1996.??.??"]
[Round "2"]
[White "Ivkov, Borislav"]
[Black "Bacrot, Etienne"]
[Result "0-1"]
[WhiteElo "2455"]
[BlackElo "2425"]

1.Nf3 d5 2.d4 c6 3.c4 Nf6 4.e3 e6 5.Nbd2 Nbd7 6.b3 b6 7.Bb2 Bb7 8.Bd3 Be7
9.O-O O-O 10.Qe2 c5 11.Rad1 cxd4 12.exd4 Rc8 13.Ne5 Rc7 14.f4 g6 15.Qe3 a6
16.Qh3 dxc4 17.bxc4 b5 18.c5 Nd5 19.Ne4 f5 20.Nd6 Bxd6 21.cxd6 Rc8 22.Qh6 N7f6
23.Rf3 Rf7 24.Nxf7 Kxf7 25.Bb1 Qxd6 26.Qh4 Nh5 27.Rdf1 Ndf6 28.Re3 Rc4 29.h3 Nd5
30.Ref3 Qc6 31.R1f2 Rb4 32.Kh2 Ndf6 33.Re3 Qc7 34.Bd3 Nxf4 35.Qxf4 Qxf4+
36.Rxf4 Rxb2 37.Re2 Rb4 38.g3 Nd5 39.Rh4 Kg7 40.Rxe6 Rb2+ 41.Kg1 Rd2 42.Bf1 Kf7
43.Re2 Rxe2 44.Bxe2 Kg7 45.Bf3 b4 46.g4 a5 47.gxf5 gxf5 48.Bxd5 Bxd5 49.Rf4 Bxa2
50.Rxf5 a4 51.d5 b3 52.d6 b2 53.Rb5 Bb3  0-1

[Event "Cannes Martinez op"]
[Site "Cannes"]
[Date "1996.??.??"]
[Round "2"]
[White "Payen, Arnaud"]
[Black "Bacrot, Etienne"]
[Result "1/2-1/2"]
[WhiteElo "2280"]
[BlackElo "2470"]

1.d4 Nf6 2.Nf3 e6 3.e3 b6 4.Bd3 Bb7 5.O-O Be7 6.c4 O-O 7.Nc3 d5 8.b3 Nbd7
9.Bb2 Rc8 10.Qe2 c5 11.Rac1 Qc7 12.h3 Qb8 13.cxd5 exd5 14.Rfd1 Rfd8 15.Ba6 Nf8
16.dxc5 bxc5 17.Na4 Ne6 18.Ba3 Rc7 19.Rc2 Qc8 20.Bxb7 Qxb7 21.Rdc1 Rdc8 22.Qd2 h6
23.Qa5 Nd7 24.Nd4 cxd4 25.Rxc7 Rxc7 26.Rxc7 Nxc7 27.Bxe7 dxe3 28.fxe3 Ne6  1/2-1/2

[Event "Cannes Martinez op"]
[Site "Cannes"]
[Date "1996.??.??"]
[Round "3"]
[White "Bacrot, Etienne"]
[Black "Guyot, Philippe"]
[Result "1-0"]
[WhiteElo "2470"]
[BlackElo "2270"]

1.d4 g6 2.g3 Bg7 3.Bg2 c5 4.dxc5 Qa5+ 5.Bd2 Qxc5 6.Nc3 Nf6 7.e4 d6 8.Nge2 Nc6
9.O-O O-O 10.h3 Bd7 11.Be3 Qa5 12.Nd5 Rfe8 13.c4 e6 14.Ndc3 Rad8 15.Qxd6 Bf8
16.Qd2 Ne5 17.Nd5  1-0

[Event "Cannes mT"]
[Site "Cannes"]
[Date "1996.??.??"]
[Round "3"]
[White "Bacrot, Etienne"]
[Black "Sosonko, Gennadi"]
[Result "1/2-1/2"]
[WhiteElo "2425"]
[BlackElo "2515"]

1.d4 Nf6 2.c4 e6 3.Nc3 Bb4 4.e3 c5 5.Nf3 O-O 6.Bd3 d5 7.O-O Nc6 8.a3 Bxc3
9.bxc3 dxc4 10.Bxc4 Qc7 11.Bd3 e5 12.Qc2 Re8 13.Nxe5 Nxe5 14.dxe5 Qxe5 15.f3 Bd7
16.a4 Rad8 17.Re1 Bc6 18.e4 Nd5 19.Bd2 Nf4 20.Bf1 c4 21.Bxf4 Qxf4 22.Rad1 Qe5
23.Bxc4 Qc5+ 24.Rd4 Rxd4 25.cxd4 Qxd4+ 26.Kh1 Rd8 27.Qb3 Rd7 28.h3 g5 29.e5 Kg7
30.Bb5 Qd2 31.Qb1 Rd4 32.Bxc6 bxc6 33.e6 fxe6 34.Rxe6 Qd1+ 35.Qxd1 Rxd1+
36.Kh2 Rc1 37.Re7+ Kg6 38.Rxa7 h5 39.a5 Ra1 40.Ra6 Kf5 41.Rxc6 Rxa5 42.g4+ Ke5
43.gxh5 Ra4 44.Kg3 Rh4 45.Rh6 Kf5 46.Rh8 Kf6 47.h6 Rh5 48.h7 Kg6 49.Rg8+ Kxh7
50.Kg4 Rh4+ 51.Kxg5 Rxh3 52.Rf8 Kg7 53.Rf4 Rh6 54.Rf5 Rg6+ 55.Kf4 Ra6 56.Rb5 Kf6
57.Kg4 Kf7 58.f4 Rc6 59.Rf5+ Kg6 60.Rd5 Kf6 61.Rh5 Kg6 62.f5+ Kg7 63.Rh1 Ra6
64.Kg5 Kf7 65.Rh7+ Kf8 66.Rd7 Rb6 67.Ra7 Rc6 68.Ra5 Rb6  1/2-1/2

[Event "Cannes Martinez op"]
[Site "Cannes"]
[Date "1996.??.??"]
[Round "4"]
[White "Goldgewicht, Lionel"]
[Black "Bacrot, Etienne"]
[Result "1/2-1/2"]
[WhiteElo "2340"]
[BlackElo "2470"]

1.e4 c6 2.d4 d5 3.exd5 cxd5 4.Bd3 Nf6 5.h3 Nc6 6.c3 e5 7.dxe5 Nxe5 8.Nf3 Nxd3+
9.Qxd3 Bd6 10.O-O O-O 11.Be3 Be6 12.Nbd2 Re8 13.Nb3 Qd7 14.Nbd4 Rac8 15.Rfe1 a6
16.Re2 Bb8 17.Rae1 Qd6 18.Nxe6 Rxe6 19.Rd1 h6 20.Ree1 Rd8 21.Qe2 Qe7 22.Qc2 Rd7
23.Rd3 b5  1/2-1/2

[Event "Cannes Martinez op"]
[Site "Cannes"]
[Date "1996.??.??"]
[Round "5"]
[White "Bacrot, Etienne"]
[Black "Hochstrasser, Michael"]
[Result "1/2-1/2"]
[WhiteElo "2470"]
[BlackElo "2295"]

1.d4 g6 2.g3 Bg7 3.Bg2 d6 4.e4 Nf6 5.Ne2 O-O 6.O-O e5 7.Nbc3 a5 8.a4 Na6
9.h3 exd4 10.Nxd4 Nc5 11.Re1 Re8 12.Bf4 Nfd7 13.Be3 Nf6 14.f3 b6 15.Qd2 Bb7
16.Rad1 Qd7 17.b3 d5 18.exd5 Nxd5 19.Nxd5 Qxd5 20.Nb5 Qxd2 21.Bxd2 Rxe1+
22.Rxe1 Ne6 23.Be3 Rd8 24.Kf2 Kf8 25.Bf1 c5 26.Bc4 Nd4 27.Nxd4 Bxd4 28.Bd3 Bxe3+
29.Rxe3 Re8 30.h4 h6 31.f4 f5 32.Re5 Rxe5 33.fxe5 Bc8 34.g4 fxg4 35.Bxg6 Bb7
36.Kg3 Bf3 37.Bh5 Bd1 38.Bxg4 Bxc2 39.Be6 Ke7 40.Bc4 Bd1 41.Kf4 Bc2 42.Kg4 Bd1+
43.Kf5 Bc2+ 44.Kf4 Bh7 45.Ke3 Bc2 46.Kf3 Bd1+ 47.Ke4 Bg4 48.Bd5 Bd1 49.Bg8 Bc2+
50.Ke3 Bd1 51.Bc4 Bc2 52.Kf3 Bd1+ 53.Ke4 Bg4  1/2-1/2